ABBA Kappaleita - Äkkikuolema - Statistics

Yleistilastot
  • Tätä visaa on pelattu 129 kertaa
  • Keskiarvotulos 15 / 20
Answers on the Grid
Answers color-coded by a green-red scale on the quiz's grid according to % correct below.
Agincourt
All That She Wants
Alpha Papa
Chiquitita
Ciao Bella
Dancing Queen
Does Your Mother Know
Don't Speak
Fernando
Gimme! Gimme! Gimme! (A Man After Midnight)
Honey, Honey
I Have A Dream
It Must Have Been Love
Killer Queen
Knowing Me, Knowing You
Lay All Your Love On Me
Mamma Mia
Meet Me In Valevåg
Money, Money, Money
No, No, No, No, No!
Rasputin
Rock Me Amadeus
Slipping Through My Fingers
SOS
Super Trouper
Take A Chance On Me
Thank You For The Music
The Final Countdown
The Name Of The Game
The Winner Takes It All
Until Tomorrow
Voulez-Vous
Waterloo
 
Vastaustilastot
Vastaus % Oikein
Dancing Queen
94%
Gimme! Gimme! Gimme! (A Man After Midnight)
92%
Mamma Mia
92%
Money, Money, Money
88%
Waterloo
87%
The Winner Takes It All
84%
Chiquitita
80%
Take A Chance On Me
80%
SOS
76%
Super Trouper
76%
Voulez-Vous
74%
Honey, Honey
73%
Knowing Me, Knowing You
73%
Lay All Your Love On Me
72%
Thank You For The Music
69%
Fernando
68%
Does Your Mother Know
61%
I Have A Dream
59%
Slipping Through My Fingers
58%
The Name Of The Game
49%
Ehtoja vastaavia visoja ei löytynyt
Tulosjakauma
Jokaisen tuloksen saaneiden osuus
Persentiili vastausten määrän mukaan
Tuloshistoriasi
Et ole pelannut tätä visaa